|
|
|
|
| LEADER |
00000nam0a2200000 4500 |
| 001 |
39883 |
| 005 |
20231031011837.0 |
| 010 |
|
|
|a 5934551086
|
| 035 |
|
|
|a (RuTPU)RU\TPU\book\40760
|
| 090 |
|
|
|a 39883
|
| 100 |
|
|
|a 20020415d2001 m y0rusy50 ca
|
| 101 |
0 |
|
|a rus
|
| 102 |
|
|
|a RU
|
| 105 |
|
|
|a a z 000zy
|
| 200 |
1 |
|
|a Adobe Photoshop 6.0
|e Официальный и неофициальный
|f С. И. Ветров
|
| 210 |
|
|
|a Москва
|c Солон-Р
|d 2001
|
| 215 |
|
|
|a 560 с.
|c ил.
|
| 225 |
1 |
|
|a Полное руководство пользователя
|
| 610 |
1 |
|
|a информатика
|
| 610 |
1 |
|
|a инженерная графика
|
| 610 |
1 |
|
|a программы
|
| 610 |
1 |
|
|a графические редакторы
|
| 610 |
1 |
|
|a векторные изображения
|
| 610 |
1 |
|
|a растровые изображения
|
| 610 |
1 |
|
|a программное обеспечение
|
| 610 |
1 |
|
|a трехмерная графика
|
| 610 |
1 |
|
|a сканирование
|
| 610 |
1 |
|
|a сканеры
|
| 610 |
1 |
|
|a графика
|
| 610 |
1 |
|
|a дизайн
|
| 610 |
1 |
|
|a Adobe Photoshop 6.0
|
| 610 |
1 |
|
|a Web-дизайн
|
| 610 |
1 |
|
|a Adobe Image Ready
|
| 610 |
1 |
|
|a Pre-press
|
| 675 |
|
|
|a 681.327.1
|v 3
|
| 700 |
|
1 |
|a Ветров
|b С. И.
|g Станислав Игоревич
|
| 801 |
|
1 |
|a RU
|b 63413507
|c 20020415
|g PSBO
|
| 801 |
|
2 |
|a RU
|b 63413507
|c 20130717
|g PSBO
|
| 942 |
|
|
|c BK
|